| 000 | 00583cam a22001935a 4500 | ||
|---|---|---|---|
| 001 | L141466 | ||
| 008 | 071127s1973 xxka f 000 0deng d | ||
| 035 | _a(Sirsi) u141466 | ||
| 041 | 0 | _aeng | |
| 050 | 0 | 4 | _a920 $2 18 |
| 110 | 2 |
_aRichard Ellis _91875 |
|
| 245 | 0 | 0 |
_aRichard Ellis _ba brief history |
| 260 |
_aS.l. _s.n. _c[1973] |
||
| 300 |
_a[16] p. _bill. _c21 cm. |
||
| 520 | _aA history of the firm of Richard Ellis. Includes a fold-out timeline inside the front cover. | ||
| 651 | 4 |
_aUnited Kingdom _y |
|
| 690 | _aABOUT RICS-RICS MEMBERS-CHARTERED SURVEYORS | ||
| 942 | _n0 | ||
| 999 |
_c107679 _d107679 |
||